SDĽ nie je pokračovateľkou KSS

Bibliographic Details
Main Author: Marušiak, Juraj, 1970- (Author)
Format: Article
Language:Slovak
ISSN:1335-468X
Subjects:

MARC

LEADER 00000nab a2200000 a 4500
001 vtls000738742
003 SK-MaSNL
005 20260303184011.0
008 180206c2000 xo 0 slo
015 |a SNBRB2000/11-28020 
035 |a CLN000090605 
040 |a SNKBUCL  |b slo  |c SNKBUCL  |e AACR2 
041 0 |a slo 
044 |a xo  |c SK 
080 |a 329.14(437.6)SDĽ  |2 UDC-MRF-SK2 
100 1 |a Marušiak, Juraj,  |d 1970-  |4 aut  |9 110184 
214 1 0 |a Strana demokratickej ľavice nie je pokračovateľkou KSS 
245 1 0 |a SDĽ nie je pokračovateľkou KSS  |c Juraj Marušiak 
246 1 3 |a Strana demokratickej ľavice nie je pokračovateľkou KSS 
610 2 7 |a Strana demokratickej ľavice  |2 snkbucl  |9 165260 
655 7 |a články z novín a časopisov  |2 snkbucl  |9 267496 
773 0 |x 1335-468X  |t Slovo. Politicko-spoločenský týždenník  |g Roč. 2, č. 40 (2000), s. 3 
850 |a Slovenská národná knižnica v Martine 
852 |a SNK  |b KIS3GCP 
958 |a RBX 
999 |c 2124271  |d 2126201